Faros y señales marítimas : parte I: Río de la Plata /
Guardado en:
| Autor Corporativo: | |
|---|---|
| Formato: | Libro |
| Idioma: | Spanish |
| Publicado: |
Buenos Aires :
Peuser,
1945.
|
| Materias: | |
| Etiquetas: |
Agregar Etiqueta
Sin Etiquetas, Sea el primero en etiquetar este registro!
|
| LEADER | 00582nam a22001815a 4500 | ||
|---|---|---|---|
| 001 | EUN.um035294 | ||
| 003 | AR-BaUNS | ||
| 005 | 20050623122908.0 | ||
| 008 | 041125s1945####ag#a##########000#0#spa#d | ||
| 245 | 1 | 0 | |a Faros y señales marítimas : |b parte I: Río de la Plata / |c Ministerio de Marina. |
| 260 | |a Buenos Aires : |b Peuser, |c 1945. | ||
| 300 | |a 126 p. : |b ilus. ; |c 24,5 cm. | ||
| 082 | 0 | 4 | |a 623.894 |
| 653 | |a Faros | ||
| 653 | |a SeÑales maritimas | ||
| 653 | |a Rio de la plata | ||
| 110 | 2 | |a Ministerio de Marina |c Argentina. | |
| 859 | |a Ar-BaUNS |b BIB. CENTRAL - Sector C |h 623.894 |i Ar37-7 |p 1141/956 | ||
